| 000 | 00433nam a2200121Ia 4500 | ||
|---|---|---|---|
| 008 | 220620s9999||||xx |||||||||||||| ||und|| | ||
| 245 | 0 | _aContent Embedded Literacy in the Workplace | |
| 546 | _aEnglish[eng] | ||
| 650 | _aPedagogia||Workplace||Adult Education||CELiNE | ||
| 700 | _aDârjan, Ioana||Federighi, Paolo||BOFFO, VANNA | ||
| 856 | _uhttps://library.oapen.org/bitstream/20.500.12657/54884/1/9788864530901.pdf | ||
| 942 | _cEB | ||
| 999 |
_c34328 _d34328 |
||